The "van" quiz - Statistics

General Stats
  • This quiz has been taken 46 times
  • The average score is 10 of 18
Answer Stats
Hint Answer % Correct
Dutch impressionist painter Vincent Van Gogh
98%
Hudgens, Williams, or Redgrave Vanessa
80%
City in British Columbia Vancouver
78%
Pacific island nation Vanuatu
76%
“Hot for Teacher” band Van Halen
67%
Irish singer of “Brown Eyed Girl” Van Morrison
64%
U.S. President of Dutch extraction Martin Van Buren
62%
“Ode to Joy” composer Ludwig van Beethoven
51%
Element Vanadium
51%
Spice made from beans Vanilla
51%
“Wheel of Fortune” letter flipper Vanna White
49%
University named for RR tycoon Vanderbilt
47%
Archenemy of Dracula Abraham Van Helsing
44%
Culture and fashion magazine Vanity Fair
42%
Surname of Linus, Lucy, and Rerun van Pelt
38%
Mary Poppins chimney sweep Dick Van Dyke
36%
Radiation belts around Earth Van Allen belts
27%
1920s anarchists: Sacco and… Vanzetti
27%
No matching quizzes found
Score Distribution
Percent of People with Each Score
Percentile by Number Answered
Your Score History
You have not taken this quiz